| 000 | 00501cam a2200193ua 4500 | ||
|---|---|---|---|
| 001 | 6457 | ||
| 008 | 131210n ii |||gr||||Z||||||eng | ||
| 040 | _cMAIN | ||
| 082 | _a519.5 | ||
| 245 |
_aPractical problems in statistics _cBy D.N. Elhance |
||
| 250 | _a1st ed. | ||
| 260 |
_aAllahabad: _bKitab mahal, _c1993. |
||
| 300 | _avii,624p. | ||
| 653 | _aCommerce | ||
| 653 | _aPractical problems in statistics | ||
| 700 |
_aElhance,D.N., _eAuthor., |
||
| 700 | 1 |
_aElhance,Veena, _eAuthor. |
|
| 942 | _cBK | ||
| 999 |
_c5606 _d5606 |
||